[Event "Subotica Autumn op"]
[Site "Subotica"]
[Date "2012.12.17"]
[Round "4"]
[White "Lanji, Laslo"]
[Black "Belic, Uros"]
[Result "1-0"]
[WhiteElo "1862"]
[BlackElo "1495"]
[PlyCount "57"]
[EventDate "2012.12.14"]
[EventType "swiss"]
[EventRounds "9"]
[EventCountry "SRB"]
[SourceTitle "EXT 2014"]
[Source "ChessBase"]
[SourceDate "2013.11.20"]
[SourceVersion "1"]
[SourceVersionDate "2013.11.20"]
[SourceQuality "1"]

1. d4 e5 2. dxe5 Nc6 3. Nf3 Qe7 4. e3 Nxe5 5. Be2 Nf6 6. Nc3 Nxf3+ 7. Bxf3 Qd8 8. 0-0 Be7 9. e4 h6 10. e5 Nh7 11. Bd5 0-0 12. Be3 d6 13. exd6 Bxd6 14. Ne4 Nf6 15. Kh1 Nxe4 16. Bxe4 Qh4 17. f4 Re8 18. Qd3 Bd7 19. Rae1 Re7 20. g3 Qf6 21. Bd4 Qe6 22. Bh7+ Kh8 23. Rxe6 Rxe6 24. Be4 Rxe4 25. c3 c5 26. Kg1 Rae8 27. Bf2 Bh3 28. Qxd6 Bxf1 29. Kxf1 1-0